000
00301nam a22001337a 4500
008
170927b xxu||||| |||| 00| 0 eng d
020
_a
9780312390198
041
_a
eng
080
_2
6 ED
_a
37
100
_a
47
101
_a
EDU
245
_a
A WORLD OF IDEAS
_c
JACOBUS.L.A
942
_2
udc
_c
BK
999
_c
30307
_d
30307